| 000 | 00840nam a22002057a 4500 | ||
|---|---|---|---|
| 999 |
_c17540 _d17540 |
||
| 003 | AR-CdUCM | ||
| 008 | 190508b ||||| |||| 00| 0 spa d | ||
| 020 | _a84-283-0854-3 | ||
| 040 |
_aMUNICIPALIDAD PROVINCIAL DEL CUSCO _cBIBLIOTECA MUNICIPAL DEL CUSCO |
||
| 082 |
_a660.28 / _bB22 |
||
| 100 |
_aBaƱez, Manuel Reymundo _937605 |
||
| 245 |
_aPracticas de Quimica : _bOperador de planta / |
||
| 260 |
_aMadrid : _bParaninfo, _c1976. |
||
| 300 |
_a138 paginas ; _bIlustraciones, graficos, dibujos, _c24 cm. |
||
| 505 | _aContenido: Idea de la estructura de una planta industrial quimica -- Seguridad e higiene -- Sistemas de unidades de medida -- Transportes de solidos -- Almacenamiento de solidos -- Mezcla de solidos... | ||
| 650 |
_aQuimica _94512 |
||
| 650 |
_aSeguridad _935745 |
||
| 942 |
_2ddc _cLIBROS |
||
| 945 |
_apjha _d2019-05-08 |
||